000
00297nam a22001097a 4500
082
_a
658.302 PFI'S
100
_a
PFIFFNER, JOHN M
_9
58503
245
_a
THE SUPERVISION OF PERSONAL HUMAN RELATIONS IN THE MANAGEMENT OF MAN
260
_a
NEWYORK
_b
PRENTICE HALL
_c
1955
300
_a
454P
942
_c
BK
999
_c
568694
_d
568694